Ética

שמור ב:
מידע ביבליוגרפי
מחבר ראשי: Sánchez Vázquez, Adolfo
פורמט: ספר
שפה:Undetermined
יצא לאור: México, Distrito Federal Grijalbo 1969
נושאים:
תגים: הוספת תג
אין תגיות, היה/י הראשונ/ה לתייג את הרשומה!

MARC

LEADER 00000nam a2200000Ia 4500
008 170316s9999 xx 000 0 und d
090 |a 100 S-9e 
100 |a Sánchez Vázquez, Adolfo 
245 |a Ética 
260 |a México, Distrito Federal 
260 |b Grijalbo 
260 |c 1969 
300 |a 245 páginas 
650 |a FILOSOFÍA 
650 |a ÉTICA 
999 |c 17732  |d 17732 
040 |a cru BVZT 
942 |c 15 D  |h 100 S-9e  |2 z